000 01056cam a2200277 4500
001 5805
005 20181127180305.0
008 100701r20112010nyu j 000 1 eng
010 _a 2010025175
020 _a9780141324326
100 1 _aBradford, Chris.
245 1 0 _aYoung samurai :
_bthe way of the dragon /
_cChris Bradford.
246 3 0 _aWay of the dragon
250 _a1st U.S. ed.
260 _aNew York :
_bDisney/Hyperion Books,
_cc2008, 2010.
300 _a431 p. ;
_c22 cm.
520 _aIn 1613 Japan, English orphan Jack Fletcher's determination to keep the rutter, his father's navigational logbook, safe at all costs places his friends, daimyo Takatomi, and others in great danger.
650 1 _aAdventure and adventurers
_vFiction.
650 1 _aBritish
_zJapan
_vFiction.
650 1 _aMartial arts
_vFiction.
650 1 _aNinja
_vFiction.
650 1 _aOrphans
_vFiction.
650 1 _aSamurai
_vFiction.
651 1 _aJapan
_xHistory
_yTokugawa period, 1600-1868
_vFiction.
800 _aBradford, Chris. Young samurai ; bk. 3.
_d
_q
_t
_v
999 _c4898
_d4898